000 01018nas a2200337 4500
001 BR0403738
003 BR-BrBNA
005 20231205104722.0
007 ta
008 230509b bl.|||p| |||| 00| 00por d
040 _aBR-BrBNA
_bpor
_cBiblioteca Nacional de Agricultura
041 _a(Pt)
072 _aL10; L02
100 1 _aEuclides Filho, K.
100 1 _aFigueiredo, G.R. de
100 1 _aEuclides, V.P.B.
100 1 _aSilva, L.O.C. da
100 1 _aRocco, V.
100 1 _aBarbosa, R.A.
100 1 _aJunqueira, C.E.
245 1 _aDesempenho de diferentes grupos genéticos de bovinos de corte em confinamento
650 _aGADO DE CORTE
650 _aCONFINAMENTO
650 _aCRUZAMENTO ANIMAL
650 _aGANHO DE PESO
650 _aGENÉTICA ANIMAL
650 _aCONVERSÃO ALIMENTAR
773 0 _tRevista Brasileira de Zootecnia (Brazil)
_xISSN 1516-3598
_g(Sep-Oct 2003), v. 32(5) p. 1114-1122
_wBR0403738
909 _a202311
_bLúcia
_c55
_dLúcia Elande
942 _2AGRIS
_n0
_cANA
999 _c179406
_d179406